Trouve l'erreur - Statistiques

Statistiques générales
  • Ce quiz a été pris 426 fois
  • Le résultat moyen est 8 sur 9
Statistiques - réponses
Question Tuile Select % Correct
Trouve l'erreur Paris Non
96%
Trouve l'erreur Budapest Non
95%
Trouve l'erreur Copenhague Non
95%
Trouve l'erreur Madrid Non
95%
Trouve l'erreur Oslo Non
95%
Trouve l'erreur Dublin Non
94%
Trouve l'erreur Vienne Non
93%
Trouve l'erreur Vaduz Non
78%
Trouve l'erreur Bamako Oui
74%
Aucun quiz correspondant
Distribution des résultats
% des personnes avec chaque résultat
Percentile par nombre de réponses
Votre historique - résultats
Vous n’avez pas pris ce quiz